Survivor Africa - Picture Click Quiz Stats

 Plays Quiz not verified by Sporcle

Score 0/16 Timer 02:00
0 Plays Today
% Correct
Tom Buchanan
95.1%
Lex van den Berghe
93%
Ethan Zohn
92.7%
Kelly Goldsmith
90.1%
Clarence Black
89.9%
Frank Garrison
89.9%
Carl Bilancione
85.4%
Brandon Quinton
85.2%
% Correct
Silas Gaither
83.8%
Jessie Camacho
83.3%
Teresa Cooper
83%
Kim Johnson
81.7%
Diane Ogden
77.4%
Linda Spencer
76.3%
Lindsey Richter
71.3%
Kim Powers
71.1%

You're not logged in!

Compare scores with friends on all Sporcle quizzes.
OR
Log In

You Might Also Like...

Show Comments

Extras

Top Quizzes Today


Score Distribution

Your Account Isn't Verified!

In order to create a playlist on Sporcle, you need to verify the email address you used during registration. Go to your Sporcle Settings to finish the process.

Report this User

Report this user for behavior that violates our Community Guidelines.

Details: